000 01361nam0a22002651 4500
001 rc\4496096
005 20260406082356.0
035 _a(NLR Aleph) 008339991
090 _a8871220
_c8871220
100 _a20130416d1968 |||y0rusy50 ca
101 0 _arus
102 _aRU
105 _ay z |||||
200 1 _aПередовые предприятия - победители в социалистическом соревновании в честь 50-летия Советской власти
_fВыставка достижений нар. хоз-ва СССР. М-во угольной пром-сти СССР. Центр. науч.-исслед. ин-т экономики и науч.-техн. информации в угольной пром-сти
210 _aМосква
_cБ. и.
_d1968
215 _a60 с.
_d20
300 _aНа обороте тит. л. авт.-сост.: А.С. Кузнецов, инж.
300 _aОтпеч. множит. аппаратом
333 _aДля служебного пользования
700 1 _4220
_7ca
_8rus
_aКузнецов
_bА. С.
_cканд. техн. наук, угольная пром-сть
_gАркадий Сергеевич
_3RU\NLR\AUTH\770277080
_92649047
801 0 _aRU
_bNLR
_gpsbo
801 1 _aRU
_bELAR
_2rusmarc
852 _aNLR
_j50К/15197
942 _cBOOK
980 _aNB